000 00216nam a22000857a 4500
008 170127b xxu||||| |||| 00| 0 eng d
100 _92600
_aAggarwal.R.S
245 _aGeneral Knowledge
260 _aNew Delhi
_bS.Chand
_c2012
999 _c5738
_d5738